000 00395nam a22001697a 4500
005 20160528112103.0
008 160528b xxu||||| |||| 00| 0 eng d
020 _a81-203-2066-2
041 _aeng
082 _b5755
100 _aKeegan, H.S.
_91440
245 _aGlobal Marketing Management
260 _aNew Delhi
_bPHI,
_c2003
300 _a595
650 _aManagement
_9241
942 _cBK
999 _c2038
_d2037